[Event "NB II. Asztalos csoport"]
[Site "Pecs"]
[Date "2024.02.18"]
[Round "4.3"]
[White "Darazs, Zoltan"]
[Black "Toth, Gyorgy Dr"]
[Result "1/2-1/2"]
[WhiteElo "2027"]
[BlackElo "1829"]
[PlyCount "98"]
[EventDate "2023.10.08"]
[EventType "team-tourn"]
[EventRounds "9"]
[EventCountry "HUN"]
[Source "chess.hu"]
[WhiteTeam "Bajai SSC"]
[BlackTeam "Karmin PSSE"]
[WhiteTeamCountry "HUN"]
[BlackTeamCountry "HUN"]

1. e4 e6 2. d4 d5 3. Nc3 Nf6 4. e5 Nfd7 5. f4 Be7 6. Nf3 c5 7. Be3 Nc6 8. Qd2
a6 9. Be2 cxd4 10. Nxd4 Nxd4 11. Bxd4 Bc5 12. O-O-O Bxd4 13. Qxd4 Qb6 14. h4
Qxd4 15. Rxd4 b5 16. a4 bxa4 17. Nxa4 f6 18. exf6 gxf6 19. f5 exf5 20. Rxd5 Bb7
21. Rxd7 Kxd7 22. Nb6+ Kc7 23. Nxa8+ Bxa8 24. Bxa6 Bxg2 25. Rg1 Be4 26. Rg7+
Kb6 27. Bd3 Kc5 28. Kd2 Kd4 29. Re7 Rg8 30. c3+ Kd5 31. Bxe4+ fxe4 32. Rxh7
Rg2+ 33. Ke3 Rxb2 34. Rh5+ Ke6 35. Kxe4 Rh2 36. c4 f5+ 37. Kd4 Rd2+ 38. Kc3 Rd7
39. Rh8 f4 40. Rf8 Ke5 41. h5 Rh7 42. Re8+ Kd6 43. Rd8+ Kc6 44. Rd5 Rf7 45. Kd2
f3 46. Ke1 Rf4 47. Kf2 Rxc4 48. Rf5 Kd6 49. Rxf3 Rh4 1/2-1/2

[Event "NB II. Asztalos csoport"]
[Site "Pecs"]
[Date "2024.02.18"]
[Round "4.4"]
[White "Albrecht, Akos"]
[Black "Arato, Bela"]
[Result "1/2-1/2"]
[WhiteElo "1885"]
[BlackElo "2038"]
[PlyCount "81"]
[EventDate "2023.10.08"]
[EventType "team-tourn"]
[EventRounds "9"]
[EventCountry "HUN"]
[Source "chess.hu"]
[WhiteTeam "Karmin PSSE"]
[BlackTeam "Bajai SSC"]
[WhiteTeamCountry "HUN"]
[BlackTeamCountry "HUN"]

1. d4 Nf6 2. Bf4 c5 3. e3 Nc6 4. c3 d6 5. dxc5 dxc5 6. Qxd8+ Nxd8 7. Bb5+ Bd7
8. a4 a6 9. Bxd7+ Nxd7 10. Nf3 Nc6 11. Nbd2 e5 12. Bg3 Be7 13. O-O O-O 14. Nc4
e4 15. Nfe5 Ndxe5 16. Nxe5 Nxe5 17. Bxe5 Rfd8 18. c4 Rd3 19. Rfd1 Rad8 20. Rxd3
Rxd3 21. Kf1 Bf6 22. Bxf6 gxf6 23. Ke2 Kf8 24. Rd1 Rb3 25. Rb1 Ke7 26. Kd2 f5
27. Kc2 Rd3 28. Rd1 Rxd1 29. Kxd1 h5 30. f4 h4 31. h3 a5 32. Ke2 Kf6 33. Kf2
Kg6 34. Ke2 Kh5 35. Kd2 Kg6 36. Ke1 Kf6 37. Kf1 Kg6 38. Kf2 Kh6 39. g3 hxg3+
40. Kxg3 f6 41. Kh4 1/2-1/2

[Event "NB II. Asztalos csoport"]
[Site "Pecs"]
[Date "2024.02.18"]
[Round "4.5"]
[White "Javor, Sandor"]
[Black "Nogradi, Gabor"]
[Result "1-0"]
[WhiteElo "2092"]
[BlackElo "1814"]
[PlyCount "53"]
[EventDate "2023.10.08"]
[EventType "team-tourn"]
[EventRounds "9"]
[EventCountry "HUN"]
[Source "chess.hu"]
[WhiteTeam "Bajai SSC"]
[BlackTeam "Karmin PSSE"]
[WhiteTeamCountry "HUN"]
[BlackTeamCountry "HUN"]

1. f4 Nf6 2. Nf3 c5 3. e3 Nc6 4. d4 d5 5. c3 cxd4 6. exd4 Qc7 7. Bd3 Bg4 8. O-O
Ne4 9. Nbd2 Nxd2 10. Bxd2 e6 11. h3 Bxf3 12. Qxf3 O-O-O 13. b4 Bd6 14. a4 g6
15. a5 Kb8 16. Kh1 Rc8 17. Qd1 Ne7 18. b5 Nf5 19. b6 Qe7 20. bxa7+ Ka8 21. Qf3
h5 22. Rfb1 Kxa7 23. Rb2 Rb8 24. Rab1 h4 25. Be1 Qc7 26. Rb6 Bxf4 27. a6 1-0

[Event "NB II. Asztalos csoport"]
[Site "Pecs"]
[Date "2024.02.18"]
[Round "4.6"]
[White "Katona, Peter"]
[Black "Kosa, Jeno"]
[Result "1/2-1/2"]
[WhiteElo "1824"]
[BlackElo "2089"]
[PlyCount "134"]
[EventDate "2023.10.08"]
[EventType "team-tourn"]
[EventRounds "9"]
[EventCountry "HUN"]
[Source "chess.hu"]
[WhiteTeam "Karmin PSSE"]
[BlackTeam "Bajai SSC"]
[WhiteTeamCountry "HUN"]
[BlackTeamCountry "HUN"]

1. e4 c5 2. Nc3 g6 3. g3 Bg7 4. Bg2 Nc6 5. Nge2 d6 6. O-O Nf6 7. h3 O-O 8. d3
Ne8 9. Be3 Nd4 10. f4 f5 11. exf5 gxf5 12. Kh2 Rb8 13. a4 Bd7 14. Bxd4 cxd4 15.
Nb5 Qb6 16. c4 dxc3 17. Nexc3 a6 18. Nd5 Qd8 19. Nbc3 e6 20. Ne3 d5 21. d4 Qb6
22. g4 Nd6 23. gxf5 Nxf5 24. Nxf5 Rxf5 25. Qg4 Qxd4 26. Ne2 Qxb2 27. Rab1 Qa3
28. Nd4 Rf6 29. f5 Qd6+ 30. Kh1 e5 31. Ne2 Kh8 32. Rbd1 d4 33. Ng3 Rg6 34. Ne4
Rxg4 35. Nxd6 Rf4 36. Bd5 Bc6 37. Nf7+ Kg8 38. Nh6+ Kf8 39. Bxc6 bxc6 40. Rxf4
exf4 41. Ng4 Kf7 42. Rf1 Rb3 43. Rxf4 h5 44. Nf2 c5 45. Ne4 d3 46. Rf2 Bd4 47.
Rd2 Be3 48. Rd1 d2 49. Kg2 Ke7 50. Kf1 c4 51. Nxd2 Bxd2 52. Rxd2 c3 53. Rc2 Kf6
54. Ke2 Kxf5 55. Kf3 Ke5 56. Ke3 h4 57. Kd3 Kf4 58. Kc4 Rb8 59. Kc5 Rc8+ 60.
Kb6 Kg3 61. Kxa6 Kxh3 62. a5 Kg3 63. Kb7 Rc4 64. a6 h3 65. a7 Rb4+ 66. Kc7 Rc4+
67. Kb6 Ra4 1/2-1/2

[Event "NB II. Asztalos csoport"]
[Site "Pecs"]
[Date "2024.02.18"]
[Round "4.7"]
[White "Kelemen, Aron"]
[Black "Mitric, Milutin"]
[Result "1-0"]
[WhiteElo "1888"]
[BlackElo "1732"]
[PlyCount "81"]
[EventDate "2023.10.08"]
[EventType "team-tourn"]
[EventRounds "9"]
[EventCountry "HUN"]
[Source "chess.hu"]
[WhiteTeam "Bajai SSC"]
[BlackTeam "Karmin PSSE"]
[WhiteTeamCountry "HUN"]
[BlackTeamCountry "HUN"]

1. d4 Nf6 2. c4 e5 3. dxe5 Ng4 4. Nf3 Nc6 5. Bf4 Bb4+ 6. Nbd2 Qe7 7. e3 Ngxe5
8. Be2 Nxf3+ 9. Bxf3 Ne5 10. Be2 O-O 11. O-O Ng6 12. Bg3 Bd6 13. Bxd6 Qxd6 14.
Qc2 Qe7 15. Nf3 d6 16. Rfd1 b6 17. Rac1 Bb7 18. b4 Rfd8 19. Nd4 Qe4 20. Qxe4
Bxe4 21. c5 dxc5 22. bxc5 Ne7 23. Nb5 c6 24. Nd4 b5 25. f3 Bd5 26. a3 a5 27. e4
Be6 28. Nxe6 fxe6 29. a4 b4 30. Bc4 Kf7 31. Bb3 Ng6 32. Rd6 Nf8 33. Rxc6 Rd2
34. Rc7+ Kf6 35. c6 Rad8 36. Ra7 Rb2 37. Bc4 Ng6 38. c7 Rdd2 39. c8=Q Rxg2+ 40.
Kf1 Nf4 41. Qf8+ 1-0

[Event "NB II. Asztalos csoport"]
[Site "Pecs"]
[Date "2024.02.18"]
[Round "4.8"]
[White "Feher, Laszlo"]
[Black "Brindza, Istvan"]
[Result "1/2-1/2"]
[WhiteElo "1639"]
[BlackElo "1884"]
[PlyCount "80"]
[EventDate "2023.10.08"]
[EventType "team-tourn"]
[EventRounds "9"]
[EventCountry "HUN"]
[Source "chess.hu"]
[WhiteTeam "Karmin PSSE"]
[BlackTeam "Bajai SSC"]
[WhiteTeamCountry "HUN"]
[BlackTeamCountry "HUN"]

1. e4 e5 2. f4 d5 3. exd5 e4 4. d3 Nf6 5. Nd2 Qe7 6. dxe4 Nxd5 7. Qf3 Nc6 8. c3
h5 9. e5 Be6 10. Bb5 Qc5 11. a4 O-O-O 12. Ne4 Qb6 13. Ne2 Bg4 14. Qf2 Nce7 15.
Qxb6 axb6 16. h3 Bxe2 17. Kxe2 Nf5 18. a5 bxa5 19. Rxa5 c6 20. Bd3 Kc7 21. Bd2
Be7 22. Rha1 Rhe8 23. g4 hxg4 24. hxg4 Nh6 25. g5 Nf5 26. Nf2 g6 27. Bxf5 gxf5
28. Rh1 Rh8 29. Raa1 Bc5 30. Rxh8 Rxh8 31. Rh1 Rxh1 32. Nxh1 Ne7 33. Be3 Kb6
34. Ng3 Kb5 35. Bxc5 Kxc5 36. Kd3 b5 37. b4+ Kd5 38. Ne2 Ng6 39. Ke3 Ne7 40.
Kd3 Ng6 1/2-1/2

[Event "NB II. Asztalos csoport"]
[Site "Pecs"]
[Date "2024.02.18"]
[Round "4.9"]
[White "Vuity, Janos"]
[Black "Nagy, Peter"]
[Result "0-1"]
[WhiteElo "1797"]
[BlackElo "1698"]
[PlyCount "116"]
[EventDate "2023.10.08"]
[EventType "team-tourn"]
[EventRounds "9"]
[EventCountry "HUN"]
[Source "chess.hu"]
[WhiteTeam "Bajai SSC"]
[BlackTeam "Karmin PSSE"]
[WhiteTeamCountry "HUN"]
[BlackTeamCountry "HUN"]

1. e4 c6 2. d4 d5 3. Nc3 dxe4 4. Nxe4 Bf5 5. Ng3 Bg6 6. Nf3 Nd7 7. Bd3 Bxd3 8.
Qxd3 e6 9. O-O Ngf6 10. Re1 Be7 11. Bg5 h6 12. Bf4 Nd5 13. Bd2 Qc7 14. c4 N5f6
15. Ne5 Rd8 16. Qc3 O-O 17. Rad1 c5 18. Nxd7 Rxd7 19. dxc5 Bxc5 20. Qf3 Rxd2
21. Rxd2 Bb4 22. Rde2 Bxe1 23. Rxe1 Qxc4 24. Qxb7 Qxa2 25. h3 a5 26. Re3 Qd5
27. Qb6 Nd7 28. Qc7 Rb8 29. Qc3 Nf6 30. Re5 Qb3 31. Rxa5 Qxb2 32. Qc7 Qb1+ 33.
Kh2 Qb6 34. Ra7 Qxc7 35. Rxc7 Rd8 36. Rc2 Kf8 37. Nf1 Ke7 38. Ne3 Nd5 39. Re2
Nxe3 40. Rxe3 f5 41. g3 Kf6 42. h4 g5 43. hxg5+ hxg5 44. Ra3 g4 45. Ra6 Ke5 46.
Kg2 Rd6 47. Ra4 Kf6 48. Ra2 e5 49. Ra5 Re6 50. f3 gxf3+ 51. Kxf3 Kg5 52. Ra8
Rg6 53. Ra3 e4+ 54. Kg2 Kg4 55. Kf2 Rd6 56. Ra8 Rd2+ 57. Ke3 Rd3+ 58. Kf2 Rf3+
0-1

[Event "NB II. Asztalos csoport"]
[Site "Pecs"]
[Date "2024.02.18"]
[Round "4.10"]
[White "Pinter, Szabolcs Peter"]
[Black "Baki, Bence"]
[Result "1/2-1/2"]
[WhiteElo "1681"]
[BlackElo "1799"]
[PlyCount "114"]
[EventDate "2023.10.08"]
[EventType "team-tourn"]
[EventRounds "9"]
[EventCountry "HUN"]
[Source "chess.hu"]
[WhiteTeam "Karmin PSSE"]
[BlackTeam "Bajai SSC"]
[WhiteTeamCountry "HUN"]
[BlackTeamCountry "HUN"]

1. e4 e5 2. Nf3 Nc6 3. d4 exd4 4. Bc4 Nf6 5. e5 d5 6. Bb5 Ne4 7. Nxd4 Bc5 8.
Be3 Bxd4 9. Bxd4 O-O 10. O-O Nxd4 11. Qxd4 a6 12. Be2 c5 13. Qe3 Re8 14. f3 Nf6
15. Qxc5 Rxe5 16. Bd3 Re8 17. Nc3 Be6 18. a4 Nd7 19. Qd4 Qb6 20. Qxb6 Nxb6 21.
Rfe1 Nc4 22. b3 Nd6 23. Re5 f6 24. Re2 g6 25. Rae1 Kf7 26. Kf2 Rac8 27. Nb1 Nf5
28. Bxf5 Bxf5 29. Rxe8 Rxe8 30. Rxe8 Kxe8 31. Na3 Ke7 32. g4 Be6 33. Ke3 Kd6
34. Kd4 h5 35. gxh5 gxh5 36. h4 Bh3 37. c4 Be6 38. c5+ Kc7 39. b4 b6 40. b5
bxc5+ 41. Kxc5 Bc8 42. b6+ Kd7 43. Nc2 Bb7 44. Nd4 Ba8 45. a5 Bb7 46. Nf5 Ba8
47. Ng7 d4 48. Kxd4 Bxf3 49. Ke3 Bg4 50. Ne8 Kc6 51. Nxf6 Bd1 52. Kf4 Be2 53.
Kg5 Bf3 54. Kf4 Be2 55. Ke5 Bf3 56. Ne4 Bg4 57. Nd6 Bf3 1/2-1/2

[Event "NB II. Asztalos csoport"]
[Site "Pecs"]
[Date "2024.02.18"]
[Round "4.11"]
[White "Rekasi, Zsolt"]
[Black "Lang, Bence"]
[Result "1/2-1/2"]
[WhiteElo "1597"]
[BlackElo "1461"]
[PlyCount "71"]
[EventDate "2023.10.08"]
[EventType "team-tourn"]
[EventRounds "9"]
[EventCountry "HUN"]
[Source "chess.hu"]
[WhiteTeam "Bajai SSC"]
[BlackTeam "Karmin PSSE"]
[WhiteTeamCountry "HUN"]
[BlackTeamCountry "HUN"]

1. e4 c5 2. d4 cxd4 3. Qxd4 Nc6 4. Qe3 Qc7 5. Nc3 e6 6. Nf3 a6 7. Bd3 b5 8. a3
Bb7 9. Bd2 Be7 10. O-O Nf6 11. h3 O-O 12. Rfe1 d5 13. e5 Nd7 14. Qf4 Nc5 15. b4
Nxd3 16. cxd3 Qd7 17. Qg4 Kh8 18. d4 Rfe8 19. h4 Rab8 20. Qh3 Bc8 21. h5 a5 22.
bxa5 Nxa5 23. Nxd5 Qxd5 24. Bxa5 Bd7 25. Bb4 Rbc8 26. Bxe7 Rxe7 27. h6 f5 28.
exf6 gxf6 29. Qh4 Rf7 30. Qf4 Rg8 31. Kh2 Bc6 32. Rac1 Qh5+ 33. Qh4 Bxf3 34.
Qxh5 Bxh5 35. Rxe6 Rff8 36. Rc5 1/2-1/2

[Event "NB II. Asztalos csoport"]
[Site "Nagyatad"]
[Date "2024.02.18"]
[Round "4.1"]
[White "Nemeth, Attila Janos"]
[Black "Vrban, Mladen"]
[Result "0-1"]
[WhiteElo "1911"]
[BlackElo "2268"]
[PlyCount "90"]
[EventDate "2023.10.08"]
[EventType "team-tourn"]
[EventRounds "9"]
[EventCountry "HUN"]
[Source "chess.hu"]
[WhiteTeam "Komloi BSK"]
[BlackTeam "Sakk Egylet Nagyatad"]
[WhiteTeamCountry "HUN"]
[BlackTeamCountry "HUN"]

1. d4 f5 2. c4 d6 3. Nc3 Nf6 4. h4 c6 5. h5 Qa5 6. f3 Be6 7. e3 Bf7 8. g4 fxg4
9. fxg4 Nbd7 10. Bd2 h6 11. a3 Qc7 12. Qf3 Nb6 13. b3 Be6 14. Rh4 a5 15. a4 d5
16. c5 Nbd7 17. Nge2 Nh7 18. Qf4 Qd8 19. Ng3 Bf7 20. Nf5 e6 21. Rh2 exf5 22.
Qxf5 Ndf6 23. e4 dxe4 24. Bc4 Qxd4 25. Bxf7+ Kxf7 26. O-O-O e3 27. Qg6+ Kg8 28.
Be1 Qxg4 29. Qc2 Ng5 30. Rh4 Qe6 31. Rhd4 Nf7 32. Ne4 Nxh5 33. Rd7 Re8 34. Nc3
g5 35. Rxb7 Bxc5 36. Ne2 Ba3+ 37. Kb1 Qe4 38. Rdd7 Qxc2+ 39. Kxc2 Ne5 40. Rd1
Rh7 41. Rxh7 Kxh7 42. Bxa5 Nf4 43. Ng3 e2 44. Rh1 Ned3 45. Be1 Nxe1+ 0-1

[Event "NB II. Asztalos csoport"]
[Site "Nagyatad"]
[Date "2024.02.18"]
[Round "4.2"]
[White "Matko, Ognjen"]
[Black "Grunwald, Matyas"]
[Result "1-0"]
[WhiteElo "2253"]
[BlackElo "1888"]
[PlyCount "89"]
[EventDate "2023.10.08"]
[EventType "team-tourn"]
[EventRounds "9"]
[EventCountry "HUN"]
[Source "chess.hu"]
[WhiteTeam "Sakk Egylet Nagyatad"]
[BlackTeam "Komloi BSK"]
[WhiteTeamCountry "HUN"]
[BlackTeamCountry "HUN"]

1. d4 Nf6 2. Bf4 d6 3. Nc3 g6 4. e4 Bg7 5. Qd2 c6 6. f3 b5 7. Bd3 b4 8. Nce2 a5
9. O-O-O Ba6 10. Bh6 Bxh6 11. Qxh6 Nbd7 12. e5 Bxd3 13. Rxd3 Nd5 14. Nh3 Qc7
15. e6 N7f6 16. exf7+ Kxf7 17. Ng5+ Ke8 18. Re1 b3 19. a3 bxc2 20. Nc3 e5 21.
dxe5 dxe5 22. Nce4 Qe7 23. Nxf6+ Qxf6 24. g3 Ra7 25. f4 Re7 26. Rb3 exf4 27.
Rxe7+ Nxe7 28. Rb8+ Kd7 29. Rxh8 Qxh8 30. gxf4 Qd4 31. Qh3+ Ke8 32. Kxc2 Qxf4
33. Nxh7 Qf5+ 34. Qxf5 Nxf5 35. Kb3 Nd6 36. Ka4 Nb7 37. Ng5 Ke7 38. b4 axb4 39.
Kxb4 Kf6 40. Ne4+ Kf5 41. Nc5 Nd6 42. a4 Kg4 43. a5 Kh3 44. a6 Nc8 45. Ne6 1-0

[Event "NB II. Asztalos csoport"]
[Site "Nagyatad"]
[Date "2024.02.18"]
[Round "4.3"]
[White "Fekete, Lajos"]
[Black "Horvath, Attila"]
[Result "0-1"]
[WhiteElo "1723"]
[BlackElo "2132"]
[PlyCount "82"]
[EventDate "2023.10.08"]
[EventType "team-tourn"]
[EventRounds "9"]
[EventCountry "HUN"]
[Source "chess.hu"]
[WhiteTeam "Komloi BSK"]
[BlackTeam "Sakk Egylet Nagyatad"]
[WhiteTeamCountry "HUN"]
[BlackTeamCountry "HUN"]

1. e4 c6 2. Nc3 d5 3. exd5 cxd5 4. Bb5+ Bd7 5. Qe2 Nf6 6. d4 a6 7. Bd3 Nc6 8.
Nf3 g6 9. h3 Bg7 10. O-O O-O 11. Be3 Nb4 12. Ne5 Nxd3 13. Nxd3 Rc8 14. Ne5 Be8
15. Qd2 Nd7 16. Ng4 h5 17. Nh2 Nb6 18. Bh6 Nc4 19. Qc1 e6 20. Bxg7 Kxg7 21. g4
Qh4 22. b3 Qxh3 23. Qf4 Qxc3 24. bxc4 Rxc4 25. gxh5 Qxd4 26. h6+ Kh7 27. Qd6
Rg8 28. Rad1 Qf4 29. Qxf4 Rxf4 30. f3 Kxh6 31. Kg2 Rc4 32. Rd2 Ba4 33. Ng4+ Kg7
34. Ne3 Rc3 35. Kf2 Rh8 36. Rc1 Rh2+ 37. Ng2 Bc6 38. Kg3 Rh8 39. Nf4 g5 40. Ne2
Rc4 41. Rd4 Rh4 0-1

[Event "NB II. Asztalos csoport"]
[Site "Nagyatad"]
[Date "2024.02.18"]
[Round "4.4"]
[White "Molnar, Aurel Jr"]
[Black "Koncsag, Sandor"]
[Result "1-0"]
[WhiteElo "2071"]
[BlackElo "1656"]
[PlyCount "71"]
[EventDate "2023.10.08"]
[EventType "team-tourn"]
[EventRounds "9"]
[EventCountry "HUN"]
[Source "chess.hu"]
[WhiteTeam "Sakk Egylet Nagyatad"]
[BlackTeam "Komloi BSK"]
[WhiteTeamCountry "HUN"]
[BlackTeamCountry "HUN"]

1. e4 c6 2. Nc3 d5 3. Nf3 dxe4 4. Nxe4 Nf6 5. Qe2 Nxe4 6. Qxe4 Qd5 7. Qh4 Bf5
8. Bc4 Qe4+ 9. Qxe4 Bxe4 10. Bxf7+ Kxf7 11. Ng5+ Kg8 12. Nxe4 g6 13. Nc5 b6 14.
Ne6 Na6 15. a3 Bg7 16. Nxg7 Kxg7 17. d3 Rhf8 18. O-O Rf7 19. Re1 h6 20. Bd2 Re8
21. Bc3+ Kh7 22. Re6 c5 23. Rc6 Ref8 24. f3 Re8 25. Re1 e5 26. Rxe5 Rxe5 27.
Bxe5 Re7 28. f4 g5 29. g3 Re8 30. Kf2 g4 31. Ke3 Re7 32. Rc8 Kg6 33. Ke4 Rf7
34. f5+ Kh5 35. Kf4 c4 36. d4 1-0

[Event "NB II. Asztalos csoport"]
[Site "Nagyatad"]
[Date "2024.02.18"]
[Round "4.5"]
[White "Kollar, Tibor"]
[Black "Konig, Balazs"]
[Result "0-1"]
[WhiteElo "1711"]
[BlackElo "2096"]
[PlyCount "98"]
[EventDate "2023.10.08"]
[EventType "team-tourn"]
[EventRounds "9"]
[EventCountry "HUN"]
[Source "chess.hu"]
[WhiteTeam "Komloi BSK"]
[BlackTeam "Sakk Egylet Nagyatad"]
[WhiteTeamCountry "HUN"]
[BlackTeamCountry "HUN"]

1. e4 d6 2. f4 Nf6 3. e5 Nd5 4. d4 g6 5. c4 Nb6 6. Nc3 Bg7 7. a4 a5 8. Be3 O-O
9. Nf3 Na6 10. h3 Nb4 11. Bd3 dxe5 12. fxe5 f6 13. exf6 exf6 14. d5 Re8 15. Kf2
c6 16. Re1 cxd5 17. cxd5 N4xd5 18. Nxd5 Nxd5 19. Bc4 Be6 20. Qb3 Qd6 21. Rad1
Red8 22. Nd4 Bf7 23. Nb5 Qb4 24. Bxd5 Qxb3 25. Bxb3 Bxb3 26. Rxd8+ Rxd8 27. Bb6
Rd2+ 28. Re2 Rxe2+ 29. Kxe2 Bxa4 30. Nc3 Bc6 31. g3 a4 32. Kd3 f5 33. Bd4 Bf8
34. Be5 Kf7 35. Kc4 Ke6 36. Bf4 h6 37. h4 Kf6 38. Kd4 g5 39. hxg5+ hxg5 40.
Be5+ Ke6 41. Nd1 Bc5+ 42. Kxc5 Kxe5 43. Nf2 f4 44. g4 Bd7 45. Kb6 Kd4 46. Kxb7
Ke3 47. Nd1+ Kd2 48. Nf2 Kc2 49. Kc7 Bxg4 0-1

[Event "NB II. Asztalos csoport"]
[Site "Nagyatad"]
[Date "2024.02.18"]
[Round "4.6"]
[White "Szijarto, Attila"]
[Black "Kis Katos, Janos"]
[Result "1-0"]
[WhiteElo "1935"]
[BlackElo "1699"]
[PlyCount "67"]
[EventDate "2023.10.08"]
[EventType "team-tourn"]
[EventRounds "9"]
[EventCountry "HUN"]
[Source "chess.hu"]
[WhiteTeam "Sakk Egylet Nagyatad"]
[BlackTeam "Komloi BSK"]
[WhiteTeamCountry "HUN"]
[BlackTeamCountry "HUN"]

1. e4 e5 2. Nf3 Nc6 3. Bb5 d6 4. O-O Bg4 5. c3 Bxf3 6. Qxf3 Qf6 7. Qd1 a6 8.
Ba4 Qd8 9. f4 f6 10. d4 b5 11. Bb3 Nce7 12. a4 c6 13. f5 g6 14. Be6 Nh6 15.
axb5 cxb5 16. Be3 d5 17. fxg6 Nxg6 18. Bxd5 Bg7 19. Bc6+ Ke7 20. d5 Nf7 21.
Bxa8 Qxa8 22. Qg4 Qc8 23. Qxc8 Rxc8 24. Rxa6 Nd6 25. Ra7+ Kf8 26. Nd2 Ne7 27.
g4 h6 28. Kg2 Nc4 29. Nxc4 Rxc4 30. d6 Nc6 31. d7 Nd8 32. Ra8 Ke7 33. Rd1 Rc7
34. Bb6 1-0

[Event "NB II. Asztalos csoport"]
[Site "Nagyatad"]
[Date "2024.02.18"]
[Round "4.7"]
[White "Grunwald, Geza Dr"]
[Black "Szijarto, Andras"]
[Result "0-1"]
[WhiteElo "1679"]
[BlackElo "2056"]
[PlyCount "98"]
[EventDate "2023.10.08"]
[EventType "team-tourn"]
[EventRounds "9"]
[EventCountry "HUN"]
[Source "chess.hu"]
[WhiteTeam "Komloi BSK"]
[BlackTeam "Sakk Egylet Nagyatad"]
[WhiteTeamCountry "HUN"]
[BlackTeamCountry "HUN"]

1. d4 d5 2. c4 e6 3. Nc3 c6 4. e3 Nf6 5. Nf3 Nbd7 6. Bd2 Bd6 7. Bd3 b6 8. Rc1
dxc4 9. Bxc4 Bb7 10. e4 e5 11. Qb3 O-O 12. Ng5 Qe7 13. d5 h6 14. Nf3 b5 15. Be2
Nc5 16. Qc2 cxd5 17. exd5 a6 18. b4 Ncd7 19. a3 Rac8 20. Qb3 Nb6 21. O-O Nfxd5
22. Rfd1 Nc4 23. Ne4 Nf4 24. Bxf4 Bxe4 25. Bg3 Qe6 26. h3 Bb8 27. Bxc4 bxc4 28.
Qe3 Bxf3 29. Qxf3 f6 30. Qd5 Qxd5 31. Rxd5 Rc6 32. f3 Ba7+ 33. Bf2 Bxf2+ 34.
Kxf2 Rfc8 35. Rd7 c3 36. Rc2 Kh7 37. h4 h5 38. Ke3 Kg6 39. g3 f5 40. Rd1 Kf6
41. Rdc1 Ke6 42. Kd3 Kd5 43. Ke3 Rc4 44. Rd1+ Kc6 45. f4 exf4+ 46. gxf4 Kb5 47.
Rd5+ Ka4 48. Rxf5 Kb3 49. Kd3 Rd8+ 0-1

[Event "NB II. Asztalos csoport"]
[Site "Nagyatad"]
[Date "2024.02.18"]
[Round "4.8"]
[White "Ferencz, Miklos"]
[Black "Niedling, Tamas"]
[Result "1/2-1/2"]
[WhiteElo "2012"]
[BlackElo "1488"]
[PlyCount "66"]
[EventDate "2023.10.08"]
[EventType "team-tourn"]
[EventRounds "9"]
[EventCountry "HUN"]
[Source "chess.hu"]
[WhiteTeam "Sakk Egylet Nagyatad"]
[BlackTeam "Komloi BSK"]
[WhiteTeamCountry "HUN"]
[BlackTeamCountry "HUN"]

1. e4 c5 2. f4 Nc6 3. Nf3 d6 4. Bc4 e6 5. O-O Nf6 6. Nc3 Be7 7. d3 a6 8. a3 d5
9. exd5 exd5 10. Ba2 Bg4 11. Ne2 O-O 12. c3 Re8 13. h3 Bxf3 14. Rxf3 b5 15. Be3
c4 16. d4 Ne4 17. Bb1 Bd6 18. Bxe4 dxe4 19. Rf1 f5 20. Ng3 g6 21. Qe1 Qh4 22.
Qf2 Ne7 23. Ne2 Qxf2+ 24. Kxf2 Nd5 25. h4 a5 26. Ra2 b4 27. axb4 axb4 28. Rfa1
Rab8 29. Ra6 Red8 30. Rc6 bxc3 31. bxc3 Rbc8 32. Raa6 Be7 33. g3 Kf8 1/2-1/2

[Event "NB II. Asztalos csoport"]
[Site "Nagyatad"]
[Date "2024.02.18"]
[Round "4.9"]
[White "Niedling, Janos"]
[Black "Kondakor, Mark"]
[Result "0-1"]
[WhiteElo "1495"]
[BlackElo "1942"]
[PlyCount "70"]
[EventDate "2023.10.08"]
[EventType "team-tourn"]
[EventRounds "9"]
[EventCountry "HUN"]
[Source "chess.hu"]
[WhiteTeam "Komloi BSK"]
[BlackTeam "Sakk Egylet Nagyatad"]
[WhiteTeamCountry "HUN"]
[BlackTeamCountry "HUN"]

1. c4 c6 2. Nc3 d5 3. cxd5 cxd5 4. d4 Nf6 5. Nf3 e6 6. e3 Bd6 7. Bb5+ Bd7 8.
O-O O-O 9. Bd3 Nc6 10. a3 Rc8 11. Nb5 Bb8 12. Bd2 Ne4 13. Nc3 f5 14. b4 Qf6 15.
Rc1 a6 16. b5 axb5 17. Nxb5 Qh6 18. g3 Be8 19. Nh4 Kh8 20. Bb4 Rg8 21. Bd2 g5
22. Ng2 f4 23. exf4 gxf4 24. Bxe4 dxe4 25. d5 Bh5 26. Qb3 Ne5 27. Bc3 Be2 28.
d6 Rxc3 29. Qxc3 Qf6 30. Kh1 Bxf1 31. Rxf1 fxg3 32. hxg3 Kg7 33. Nf4 Kf7 34.
Qb3 Qh6+ 35. Kg2 Qxf4 0-1

[Event "NB II. Asztalos csoport"]
[Site "Nagyatad"]
[Date "2024.02.18"]
[Round "4.10"]
[White "Bocska, Janos"]
[Black "Csiszar, Vivien"]
[Result "1-0"]
[WhiteElo "1925"]
[BlackElo "1291"]
[PlyCount "51"]
[EventDate "2023.10.08"]
[EventType "team-tourn"]
[EventRounds "9"]
[EventCountry "HUN"]
[Source "chess.hu"]
[WhiteTeam "Sakk Egylet Nagyatad"]
[BlackTeam "Komloi BSK"]
[WhiteTeamCountry "HUN"]
[BlackTeamCountry "HUN"]

1. d4 d6 2. c4 e5 3. dxe5 dxe5 4. Qxd8+ Kxd8 5. Nc3 Be6 6. e4 Nf6 7. a3 Bc5 8.
Nf3 Nc6 9. Ng5 Nd4 10. Nxe6+ fxe6 11. Bd3 Ke8 12. Bg5 Rf8 13. Rd1 Nb3 14. O-O
Ng4 15. Bh4 g5 16. Bg3 h5 17. Be2 h4 18. Bxh4 gxh4 19. Bxg4 Ke7 20. Rd3 Nd4 21.
b4 Rg8 22. h3 Bb6 23. c5 Bxc5 24. bxc5 Rad8 25. Rfd1 Kf7 26. f4 1-0

[Event "NB II. Asztalos csoport"]
[Site "Nagyatad"]
[Date "2024.02.18"]
[Round "4.11"]
[White "Nemeth, David Istvan"]
[Black "Gyorkos, Krisztina"]
[Result "1-0"]
[WhiteElo "1358"]
[BlackElo "1412"]
[PlyCount "75"]
[EventDate "2023.10.08"]
[EventType "team-tourn"]
[EventRounds "9"]
[EventCountry "HUN"]
[Source "chess.hu"]
[WhiteTeam "Komloi BSK"]
[BlackTeam "Sakk Egylet Nagyatad"]
[WhiteTeamCountry "HUN"]
[BlackTeamCountry "HUN"]

1. d4 d5 2. c4 dxc4 3. Nc3 e6 4. Nf3 Nf6 5. g3 c6 6. Bg2 Bb4 7. Ne5 Nd5 8. Qc2
b5 9. O-O Bb7 10. a3 Bxc3 11. bxc3 O-O 12. Nf3 Nd7 13. e4 N5f6 14. e5 Nd5 15.
Ng5 g6 16. Ne4 f6 17. Nd6 Qc7 18. Bh6 Rfd8 19. Nxb7 Qxb7 20. exf6 N7xf6 21. Bh3
Re8 22. Rfe1 Qf7 23. Re2 Re7 24. a4 Nd7 25. Rae1 Rae8 26. Bg5 N7f6 27. Bc1 Nc7
28. Bf4 Nfd5 29. Bd6 Rd7 30. Be5 Qf3 31. Bxc7 Rxc7 32. Bxe6+ Kf8 33. Bxd5 Rxe2
34. Qxe2 Qxd5 35. Qe5 Qf7 36. axb5 Re7 37. Qh8+ Qg8 38. Qxg8+ 1-0

[Event "NB II. Asztalos csoport"]
[Site "Kalocsa"]
[Date "2024.02.18"]
[Round "4.1"]
[White "Horvath, Gabor"]
[Black "Halasz, Attila"]
[Result "1-0"]
[WhiteElo "2241"]
[BlackElo "2085"]
[PlyCount "77"]
[EventDate "2023.10.08"]
[EventType "team-tourn"]
[EventRounds "9"]
[EventCountry "HUN"]
[Source "chess.hu"]
[WhiteTeam "Szentlorinc"]
[BlackTeam "Kalocsai SK"]
[WhiteTeamCountry "HUN"]
[BlackTeamCountry "HUN"]

1. e4 Nf6 2. e5 Nd5 3. d4 d6 4. Nf3 Nb6 5. Be2 g6 6. c4 Bg7 7. exd6 cxd6 8. Nc3
O-O 9. h3 Bf5 10. Be3 Nc6 11. O-O Rc8 12. b3 Re8 13. Qd2 e5 14. d5 Ne7 15. Rac1
Rf8 16. Bh6 Rb8 17. Bxg7 Kxg7 18. Rfd1 Nbc8 19. b4 a5 20. a3 b6 21. bxa5 bxa5
22. c5 dxc5 23. Nxe5 Nd6 24. Qe3 Rb3 25. Qxc5 Nec8 26. Qd4 f6 27. Nc6 Qb6 28.
g4 Bd7 29. Qxb6 Nxb6 30. a4 Rc8 31. Nb5 Ne4 32. Nxa5 Rxh3 33. Rxc8 Bxc8 34. Rc1
Ba6 35. Bf1 Rh4 36. Rc7+ Kh6 37. Bg2 Nxd5 38. Rc6 Nb4 39. Rc4 1-0